| 000 | 02036cam a22004455i 4500 | ||
|---|---|---|---|
| 999 |
_c17858 _d17830 |
||
| 003 | EG-ScBUE | ||
| 005 | 20191223114832.0 | ||
| 006 | m||||fq||h 00| 0 | ||
| 008 | 080116r20122008enka f 000 0 eng d | ||
| 020 | _a9780194575478 (student's book with multiROM pack) | ||
| 020 | _a9780194575461 (MultiROM with student's book) | ||
| 040 |
_aEG-ScBUE _beng _erda _cEG-ScBUE _dEG-ScBUE |
||
| 082 | 0 | 4 |
_a428.24076 _bHAI _222 |
| 100 | 1 |
_aHaines, Simon F. E. _eauthor. _916122 |
|
| 245 | 1 | 0 |
_aIELTS masterclass. _pStudent's book / _cSimon Haines, Peter May. |
| 264 | 1 |
_aOxford : _bOxford University Press, _c2012. |
|
| 300 |
_a194 pages : _billustrations (color) ; _c28 cm. + _e1 multiROM (4 3/4 in.) |
||
| 336 |
_atext _btxt _2rdacontent |
||
| 336 |
_aspoken word _bspw _2rdacontent |
||
| 336 |
_asounds _bsnd _2rdacontent |
||
| 337 |
_aunmediated _bn _2rdamedia |
||
| 337 |
_aaudio _bs _2rdamedia |
||
| 337 |
_acomputer _bc _2rdamedia |
||
| 338 |
_avolume _bnc _2rdacarrier |
||
| 338 |
_aaudio disc _bsd _2rdacarrier |
||
| 338 |
_acomputer disc _bcd _2rdacarrier |
||
| 500 | _a"First published in 2008"-- Page 4 of cover. | ||
| 538 | _aSystem requirements: Latest flash player, Adobe Reader, JavaScript, and pop-up windows enabled in your browser and for more information see instructions with multi ROM. | ||
| 650 | 7 |
_aInternational English Language Testing System _vStudy guides. _2BUEsh _936012 |
|
| 650 | 7 |
_aEnglish language _vExaminations, questions, etc. _2BUEsh |
|
| 650 | 7 |
_aEnglish language _vTextbooks for foreign speakers. _2BUEsh |
|
| 650 | 7 |
_aEnglish language _vSound recordings for foreign speakers. _2BUEsh _936029 |
|
| 650 | 7 |
_aEnglish language _xStudy and teaching as a second language. _2BUEsh |
|
| 650 | 7 |
_aEnglish language _xStudy and teaching _xForeign speakers. _2BUEsh |
|
| 651 | _2BUEsh | ||
| 653 |
_bHHUUEENN _cAugust2015 _cJuly2019 |
||
| 700 | 1 |
_aMay, Peter, _eauthor. |
|
| 856 | 4 | 0 |
_3Access to an online IELTS practice test _uhttps://www.oxfordenglishtesting.com/DefaultMR.aspx?id=3034&menuId=1 |
| 942 |
_2ddc _cBB |
||